A history of British birds, with coloured illustrations of their eggs.

Saved in:
Bibliographic Details
Main Author: Seebohm, Henry, 1832-1895.
Format: Book
Language:English
Published: London, Pub. for the author by R. H. Porter [etc.] 1883-85.
Subjects:
Tags: Add Tag
No Tags, Be the first to tag this record!
LEADER 00952nam a2200229I 4500
001 005382811-9
005 20020606163548.3
008 760318m18831885enkaf 001 0 eng
010 |a  01019218  
035 0 |a ocm02057894 
040 |a DLC  |c AZU  |d HMZ 
050 0 |a QL690.G7  |b S3 
100 1 |a Seebohm, Henry,  |d 1832-1895. 
245 1 2 |a A history of British birds,  |b with coloured illustrations of their eggs.  |c By Henry Seebohm. 
260 |a London,  |b Pub. for the author by R. H. Porter [etc.]  |c 1883-85. 
300 |a 4 v.  |b illus., 68 col. pl.  |c 27 cm. 
500 |a Plates bound in v. 4 
500 |a "Classification of birds; an attempt to diagnose the subclasses, orders, suborders, and families of existing birds" (with special preface dated 1895): v. 4, p. [iii]-x, 11-52. 
500 |a "Geographical distribution of British birds" (with special preface dated 1893): v. 4, p. 53-102. 
650 0 |a Birds  |z Great Britain. 
988 |a 20020608 
906 |0 DLC